| 000 | 00834nam a2200277 i 4500 | ||
|---|---|---|---|
| 001 | 8077 | ||
| 003 | ES-MaACL | ||
| 005 | 20250808011646.0 | ||
| 007 | t| | ||
| 008 | 910624s1990 xxu ||||1| eng d | ||
| 020 | _a0-8133-7864-8 | ||
| 080 | _a008 | ||
| 100 | 1 |
_aThompson, Michael. _9110097 |
|
| 245 | 1 | 0 |
_aCultural theory / _cMichael Thompson, Richard Ellis, Aaron Wildavsky. |
| 260 |
_aBoulder, San Francisco ; _aOxford : _bWestview Press, _c1990. |
||
| 300 |
_aXVI, 296 p. ; _c22 cm. |
||
| 490 | 1 | _aPolitical cultures | |
| 500 | _aIndices. | ||
| 504 | _aBibliogr.: p. 277-282. | ||
| 650 | 7 |
_aVida intelectual _2embne _9159621 |
|
| 700 | 1 |
_aEllis, Richard. _947053 |
|
| 700 | 1 |
_aWildavsky, Aaron. _9116821 |
|
| 830 | 0 |
_aPolitical cultures _9227953 |
|
| 852 |
_aES-MaACL _jL-15263 _bR.118978 |
||
| 999 |
_c8077 _d8077 |
||